| 000 | 00606cam a2200157 a 4500 | ||
|---|---|---|---|
| 020 | _a0442014325 | ||
| 082 | 0 | 0 |
_a690/.893 _bLST _cL-37, P-70 |
| 100 | 1 |
_aLstiburek, Joseph W. _945325 |
|
| 245 | 1 | 0 |
_aMoisture control handbook : _bprinciples and practices for residential and small commercial buildings / _cJoseph Lstiburek, John Carmody ; designed and illustrated by John Carmody. |
| 260 |
_aNew York : _bVan Nostrand Reinhold, _cc1993. |
||
| 300 |
_axiv, 214 p. : _bill. ; _c29 cm. |
||
| 526 |
_a0 _b0 _c0 _d690_893000000000000_LST |
||
| 650 | 0 |
_aMCE _9379 |
|
| 700 | 1 |
_aCarmody, John. _945326 |
|
| 942 |
_2ddc _cBK |
||
| 999 |
_c548875 _d548875 |
||